| 000 | 00803nam a2200313Ia 4500 | ||
|---|---|---|---|
| 005 | 20250425161900.0 | ||
| 008 | 250425s9999 xx 000 0 und d | ||
| 041 | _aspa | ||
| 043 | _aec | ||
| 082 | _a658.4 | ||
| 100 | _aAROSEMENA AROSEMENA, GUILLERMO | ||
| 245 | 0 | _aECUADOR EN LA ECONOMIA DIGITAL: NUEVA OPORTUNIDAD PARA ALCANZAR LA PROSPERIDAD | |
| 250 | _a1A ED. | ||
| 260 |
_aEcuador _bESPOL _c2001 |
||
| 260 | _aGUAYAQUIL | ||
| 300 | _a142 | ||
| 500 | _aConsultar D-24854, D-24855 en BIBTEC | ||
| 650 | _aADMINISTRACION | ||
| 650 | _aADMINISTRACION | ||
| 650 | _aECONOMIA DIGITAL | ||
| 650 | _aECONOMIA DIGITAL | ||
| 650 | _aEMPRESAS | ||
| 650 | _aEMPRESAS | ||
| 650 | _aREDES LOGICAS | ||
| 650 | _aREDES LOGICAS | ||
| 710 | _aS.A. | ||
| 942 | _c01 | ||
| 010 | _a33609 | ||
| 999 |
_c218079 _d218079 |
||